01368nab a22002657a 4500999001500000003000400015005001700019008004100036040000700077100004200084245019000126260007200316300001300388500003900401505026300440505008900703650002600792650003100818650002800849650002800877650001700905650002800922773013900950942001301089 c5951d5951OSt20260114124833.0190605e xxu||||| |||| 00| 0 spa d cPJ 96794aVázquez, César Augusto (h) 10aApreciaciones sobre el derecho de huelga frente a la irrupción del protocolo para el mantenimiento del orden ante el corte de vías de circulación /cCésar Augusto Vázquez (h). aCiudad Autónoma de Buenos Aires :bThomson Reuters La Ley,c2024. ap. 17-27 aCita: TR LALEY AR/DOC/1438/2024.  aSumario: I. Introducción.— II. El nuevo Protocolo y sus antecedentes.— III. El derecho de "reunión pacífica" y su extensión.— IV. El derecho de huelga.— V. El art. 194 del Cód. Penal frente a los "piquetes" y bloqueos.— VI. Conclusión.  t¿Te interesa el texto completo? Solicitalo al correo: koha@justierradelfuego.gov.ar 091316aDERECHO LABORAL 093784aASOCIACIONES CIVILES 094564aDERECHO DE HUELGA 091340aMEDIDAS DE FUERZA 091341aHUELGA 091461aLIBERTAD SINDICAL0 0271193168dCiudad Autónoma de Buenos Aires : Thomson Reuters La Ley, 1999-2002.tRevista de derecho del trabajo. Nº 4 - Julio 2024 2udccANA